| 000 | 00937nas a2200313 4500 | ||
|---|---|---|---|
| 001 | BR2012000884 | ||
| 003 | BR-BrBNA | ||
| 005 | 20231205120126.0 | ||
| 007 | ta | ||
| 008 | 230509b bl.|||p| |||| 00| 00por d | ||
| 040 |
_aBR-BrBNA _bpor _cBiblioteca Nacional de Agricultura |
||
| 041 | _a(Pt) | ||
| 072 | _aL10 | ||
| 100 | 1 | _aGoretti, C.A.N. | |
| 100 | 1 | _aCosta, E.P. | |
| 100 | 1 | _aPaula, T.A.R. | |
| 100 | 1 | _aMacedo, G.G. | |
| 100 | 1 | _aSantos, G.M. | |
| 100 | 1 | _aAlmeida Neto, J.R.M. | |
| 100 | 1 | _aPereira, E.C.M. | |
| 245 | 1 | _aEfeito do soro de cadela em estro na maturação in vitro de ovócitos caninos | |
| 650 | _aCÃO | ||
| 650 | _aMATURAÇÃO | ||
| 650 | _aSORO | ||
| 650 | _aCICLO ESTRAL | ||
| 773 | 0 |
_tArquivo Brasileiro de Medicina Veterinária e Zootecnia (Brazil) _xISSN 0102-0935 _g(Oct 2011), v. 63(5) p. 1054-1059 _wBR2012000884 |
|
| 909 |
_a202311 _bLúcia _c55 _dLúcia Elande |
||
| 942 |
_2AGRIS _n0 _cANA |
||
| 999 |
_c217138 _d217138 |
||